The heavenly man : (Record no. 288130)
[ view plain ]
| 000 -LEADER | |
|---|---|
| fixed length control field | 00544nam a2200145Ia 4500 |
| 008 - FIXED-LENGTH DATA ELEMENTS--GENERAL INFORMATION | |
| fixed length control field | 150610s9999 xx 000 0 und d |
| 020 ## - INTERNATIONAL STANDARD BOOK NUMBER | |
| International Standard Book Number | 9715118135 |
| 050 ## - LIBRARY OF CONGRESS CALL NUMBER | |
| Classification number | BV4501.3 |
| Item number | .Y86 2003 |
| 100 ## - MAIN ENTRY--PERSONAL NAME | |
| Personal name | Yun, Brother, 1958- |
| 245 #4 - TITLE STATEMENT | |
| Title | The heavenly man : |
| Remainder of title | the remarkable true story of Chinese Brother Yun / |
| Statement of responsibility, etc | [Brother Yun] ; with Paul Hattaway. |
| 260 ## - PUBLICATION, DISTRIBUTION, ETC. (IMPRINT) | |
| Place of publication, distribution, etc | Mandaluyong City : |
| Name of publisher, distributor, etc | OMF Literature Inc., |
| Date of publication, distribution, etc | 2003. |
| 300 ## - PHYSICAL DESCRIPTION | |
| Extent | 351pages ; |
| Dimensions | 20 cm. |
| 504 ## - BIBLIOGRAPHY, ETC. NOTE | |
| Bibliography, etc | Originally published: London : Monarch Books, c2002. |
| 520 ## - SUMMARY, ETC. | |
| Summary, etc | Christian life. |
| Withdrawn status | Lost status | Damaged status | Home library | Current library | Shelving location | Date acquired | Total Checkouts | Full call number | Barcode | Date last seen | Price effective from | Koha item type |
|---|---|---|---|---|---|---|---|---|---|---|---|---|
| Stonyhurst Southville International School (Batangas) | Stonyhurst Southville International School (Batangas) | High School Section | 06/10/2015 | BV4501.3 .Y86 2003 | US-0822 | 06/10/2015 | 06/10/2015 | Books |